Aceros Especiales
Construir una herramienta, controlar su forma y sus dimensiones no es especialmente complicado; en cambio, introducirse en el entorno místico que supone la transformación del acero desde un material blando y deformable a otro material con una dureza adecuada y una resistencia suficiente para poder m...
| Autor principal: | |
|---|---|
| Formato: | Desconocido |
| Idioma: | Indeterminado |
| Publicado: |
España
España
2009-11-30 10:10:00
|
| Acceso en línea: | Texto completo |
MARC
| LEADER | 00000 a2200000 4500 | ||
|---|---|---|---|
| 001 | ALPHAC_68396 | ||
| 003 | XX-XxUND | ||
| 008 | s2009 xx |||||||||||| ||||und d | ||
| 020 | |a 9788417994495 | ||
| 035 | |a 9788417994495 | ||
| 100 | 1 | |a Rivas, M. |e author | |
| 245 | 1 | |a Aceros Especiales | |
| 260 | |a España |b España |c 2009-11-30 10:10:00 | ||
| 300 | |a 484 | ||
| 520 | |a Construir una herramienta, controlar su forma y sus dimensiones no es especialmente complicado; en cambio, introducirse en el entorno místico que supone la transformación del acero desde un material blando y deformable a otro material con una dureza adecuada y una resistencia suficiente para poder mecanizar, conformar, troquelar o cortar otros materiales, no es una tarea tan fácil.Manuel Rivas, con largos años de experiencia como asesor técnico y buen conocedor del mercado y de las aplicaciones de los aceros para herramientas y aceros rápidos, ha realizado innumerables visitas técnicas a fabricantes de herramientas y empresas de tratamientos térmicos acrecentando de este modo su conocimiento sobre los aceros especiales. | ||
| 754 | 1 | |a category |c Ingenierías | |
| 856 | 4 | |u https://alphaeditorialcloud.uam.elogim.com/reader/aceros-especiales-metalografia-componentes-tratamiento-termico |z Texto completo | |


